| 000 | 01291nam a2200289 a 4500 | ||
|---|---|---|---|
| 003 | OSt | ||
| 005 | 20240226143317.0 | ||
| 007 | cr ||||||a|c|a | ||
| 008 | 240222s2022 mx a|||fom||| 001 0 spa d | ||
| 040 | _erda | ||
| 100 | 1 |
_9188835 _aJuárez Lara, Jonathan |
|
| 245 | 1 | 0 |
_aComportamiento reproductivo de ovejas Pelibuey con inclusión de grasa de sobrepaso a la dieta durante el protocolo de sincronización de estros / _cpor Jonathan Juárez Lara ; director de tesis Carlos Sánchez del Real. |
| 264 | 1 |
_aChapingo, México : _bEl autor, _c[2022] |
|
| 300 |
_a1 recurso en línea (70 páginas): _bcuadros figuras. |
||
| 336 |
_2rdacontent _atexto _btxt |
||
| 337 |
_2rdamedia _acomputadora _bc |
||
| 338 |
_2rdacarrier _arecurso en línea _bcr |
||
| 502 |
_bIAEZ _cZootecnía _d[2022] _gLIC |
||
| 504 | _aIncluye referencias bibliográficas: páginas 53-60. | ||
| 650 | 4 |
_9188836 _aOvejas pelibuey _xAlimentación |
|
| 650 | 4 |
_9188837 _aOvejas pelibuey _xReproducción |
|
| 650 | 4 |
_9139266 _aGanado lanar _xFertilidad |
|
| 650 | 7 |
_9106556 _aSincronización del celo |
|
| 700 | 1 |
_9107464 _aSánchez del Real, Carlos |
|
| 856 |
_uhttp://10.13.5.2/tesis/tl/1511276-4_JONATHAN_JUAREZ_LARA.pdf _zDESCARGAR PDF |
||
| 942 |
_2Clasificación Universidad Autónoma Chapingo _cTD |
||
| 999 |
_c219748 _d219748 |
||